Statistics for Pokémon with 4x weakness to Flying

Click here to take the quiz!

General Stats

  • This quiz has been taken 54 times
  • The average score is 11 of 13

Answer Stats

GenAnswer% Correct
IParas
94%
IParasect
94%
IIHeracross
89%
VIHeracross (Mega)
89%
VSewaddle
89%
VSwadloon
89%
IIIBreloom
86%
VLeavanny
86%
IVWormadam (Plant Cloak)
72%
VIIBuzzwole
67%
VIIPheromosa
67%
VVirizion
67%
VIChesnaught
64%

Score Distribution

Percentile by Number Answered

Percent of People with Each Score

Your Score History

You have not taken this quiz